000 00773nam a2200253Ia 4500
003 OSt
005 20221006143637.0
006 a|||||r|||| 00| 0
007 ta
008 221006b |||||||| |||| 00| 0 eng d
024 _a9,526
037 _cTextual
040 _aEASL
_cEASL
_beng
041 _2eng
_aeng
082 _aX:75.41.N57, J5
100 _aLI Fu-chun
_9650150
245 0 _aReport on the First Five-Year Plan for the development of the national economy of the People's Republic of China in 1953-1957
260 _aPeking
_bForeign Languages Press China
_c1955
300 _a136p.
_ccm.
490 _v CEL
650 _aFIVE YEAR PLAN FIRST
_9650151
942 _hX:75.41.N57, J5
_cTEXL
_2CC
999 _c1077612
_d1077612